LEADER 01914nam a2200325 4500 001 000000350781 003 CaOOAMICUS 005 20220706092958.0 008 220705s1690 it 000 u lat r 040 $aSeMil$bita 100 11$aMeazza, Girolamo,$d<1639-1707>.$0(OLS)http://semarc/name/82300 245 10$aD. Hieronymi Meazza ... Extemporanea poesis in duodecim libros epigrammatum distribuita: siue successiui opusculi pars prima [-secunda]. 250 $aEditio tertia 264 1$aMediolani :$bTypis Caroli Antonij Malatestae,$c1690. 300 $a2 v. ;$c8° 500 $aLa pars 1 e 2 legate in un unico tomo 500 $aFregio xilogr. sui front. 500 $aCors. ; rom. 500 $aFinalini xilogr. 700 1 $aMalatesta, Carlo Antonio,$c.$0(OLS)http://semarc/name/40867 752 $ait$dMilano 774 0 $aMeazza, Girolamo <1639-1707>$tPars prima.$dMediolani : Typis Caroli Antonij Malatestae, 1690.$bEditio tertia$w()350782 774 0 $aMeazza, Girolamo <1639-1707>$tPars secunda Trophaea, Elegia, Inscriptiones, Epitaphia, Heroica symbola, Emblemata, Anagrammata, Carmina complectens.$dMediolani : Typis Caroli Antonij Malatestae, 1690.$bEditio tertia$w()350783 850 $aSeMil 852 $aSeMil$W1$xVenegono$y1$B241806$CSeMilBibl$Z2$F241806 $8I 961 $aLa pars 1 e 2 legate in un unico tomo 961 $aNota ms. sul piatto anteriore di entrambi i vol.: Bibliotheca Seminarii Ex dono Authorii. -- Altre note ms. sul v. dell'ultima c. di guardia (epigramma, secondo lo stile di Girolamo Mantegazza, a Carlo II Re di Spagna) 996 $6245$aD. Hieronymi Meazza ... Extemporanea poesis in duodecim libros epigrammatum distribuita: siue successiui opusculi pars prima [-secunda]$9(OLS)http://semarc/title/440600 996 $6264$aMediolani :$bTypis Caroli Antonij Malatestae$9(OLS)http://semarc/publisher/60478 LEADER 00863nam a2200229 4500 001 000000343533 003 CaOOAMICUS 005 20201224162405.0 008 201224s2000 it 000 u ita r 040 $aSeMil$bita 110 2 $aKraus$c.$0(OLS)http://semarc/name/112691 245 10$aVaria 2. 264 1$aNew York :$bH. P. Kraus,$c[2000?] 300 $a138 p., [2] c. di tav. :$bill. ;$c28 cm 490 1 $aCatalogue ;$v217 650 4$aLibri rari, antichi e di pregio - Cataloghi.$0(OLS)http://semarc/subject/79 830 0$aCatalogue ;$v217.$0(OLS)http://semarc/title/207647 850 $aSeMil 852 $aSeMil$W1$xVenegono$y1$m3Y V 22$j259445$B234538$CSeMilBibl$Z2$F234538 $81 996 $6245$aVaria 2$9(OLS)http://semarc/title/432523 996 $6264$aNew York :$bH. P. Kraus$9(OLS)http://semarc/publisher/59444